000 01173cam a22002054a 4500
005 20250605164048.0
008 250528s ||||||||||||||||||||||||d
035 _a17172
020 _a297782657
040 _aGR-AtMCL
_bgre
_dGR-AtMCL
_eAACR2
245 1 _aAn Introduction to Positive Economics / Sixth Edition
250 _a6th
260 _bWeidenfeld And Nicolson,
_c1983
300 _a790
520 _aThe leading economics text for undergraduates. Facts and Theory in Economics, Scope and Method, The Elementary Theory of Price, The Intermediate Theory of Demand, The Intermediate Theory of Supply, The Theory of Distribution, International Trading Relations, Microeconomic Policy, The Determination of National Income with a Fixed Interest Rate and a Fixed Price Level, The Determination of National Income with a Variable Interest Rate and a Fixed Price Level: An Integration of Money into the Theory of National Income, The Determination of National Income with a Variable Interest Rate and a Variable Price Level, Some Current Issues in Theory and Policy, Index.
700 1 _aLipsey Richard G.
_93329
942 _cBK
999 _c2607
_d2607